| 000 | 00852nam a2200193 a 4500 | ||
|---|---|---|---|
| 008 | 070710s2007 ||||||||||||||||| || u | ||
| 050 | _aNEWSPAPER | ||
| 110 | _aThe Post Newspapers | ||
| 245 | 1 | 0 |
_aMulongoti has become antagonistic - Dr. Beyani: (UNZA needed a manager not an academician) _cstory by Bivan Saluseki |
| 260 |
_aLusaka _bThe Post Newspapers _c2007 |
||
| 300 | _app. 3, TOP, column 1 | ||
| 350 | _a0.00 | ||
| 500 | _aSunday Post, July 8, 2007 | ||
| 650 | _aZAMBIA--UNIVERSITY EDUCATION | ||
| 650 | _aMANAGEMENT INFORMATION SYSTEMS | ||
| 650 | _aUNIVERSITIES AND COLLEGES--ZAMBIA--EDUCATION STANDARDS | ||
| 650 | _aUNIVERSITIES AND COLLEGES--ZAMBIA--CONDITIONS OF SERVICE | ||
| 995 |
_D0.00 _FCBU-MAIN LIBRARY (Kitwe) _H1 _I0.00 _M1 _UAVAILABLE _WJul 10, 2007 _ZUniversity Collection |
||
| 999 |
_c51754 _d51754 |
||